000 01059nam a22001937a 4500
008 230202s2023 xxk|||||o|||| 00| 0 eng d
041 _aeng
110 _aRoyal Institution of Chartered Surveyors
245 _aUK Commercial Property Monitor
_bQ4 2022
_h[Electronic resource]
260 _aLondon,
_bRoyal Institution of Chartered Surveyors,
_c2023
490 _aRICS UK Commercial Property Monitor
_vQ4 2022
520 _aThe Q4 2022 RICS UK Commercial Property Survey results are symptomatic of a further deterioration in overall market conditions during the quarter. Indeed, at the national level, 83% of respondents are now of the opinion that the market is in the downturn phase of the cycle
650 _aCOMMERCIAL PROPERTY
651 _aUnited Kingdom
690 _96227
_aCommercial property
710 _aRoyal Institution of Chartered Surveyors
856 _uhttps://www.rics.org/globalassets/rics-website/media/knowledge/research/market-surveys/q4-2022-rics-uk-commercial-property-market-survey.pdf
_zAvailable free on RICS.org
942 _n0
999 _c121352
_d121352